000 00653nam a2200241Ia 4500
003 OSt
005 20220918222325.0
006 a|||||r|||| 00| 0
007 ta
008 220917b |||||||| |||| 00| 0 eng d
024 _a216,395
037 _cTextual
040 _aARTS
_cARTS
_beng
041 _2eng
_aeng
082 _aV6.N90<-N23, N7
100 _aOliver Roland
_951299
245 0 _aIn the realms of Gold
_b Pioneering in African history
260 _aLondon
_bFrank Cass UK
_c1997
300 _axv, 425p
_ccm.
650 _aHISTORY
942 _hV6.N90<-N23, N7
_cTEXL
_2CC
999 _c275135
_d275135